000 00568nam a2200145 i 4500
001 185147
003 ES-MaACL
005 20230906222346.0
008 160329q18701879fr |||| | fre d
245 0 0 _aCatalogue des livres composant la bibliothèque de feu Wladimir Brunet de Presles.
260 _a[S.l. :
_bs.n.,
_c187?] (
_fVves. Renou, Maulde et Cock)
300 _a16 p. ;
_c23 cm.
600 1 4 _aBrunet de Presle, Wladimir (
_d1809-1875)-
_xBiblioteca-
_vCatálogos.
_9159241
852 _aES-MaACL
_jT-205-F-19
_z.- Enc. en un vol. facticio falto de la cub. original
999 _c185147
_d185147